The history of Edward the Third (1327-1377) (Record no. 373114)

000 -LEADER
fixed length control field 00392cam a22001337a 4500
008 - FIXED-LENGTH DATA ELEMENTS--GENERAL INFORMATION
fixed length control field 180718b1900 xxu||||| |||| 00| 0 eng d
082 ## - DEWEY DECIMAL CLASSIFICATION NUMBER
Classification number A6x42 M216
100 ## - MAIN ENTRY--PERSONAL NAME
Personal name Mackinnon, James
245 ## - TITLE STATEMENT
Title The history of Edward the Third (1327-1377)
Statement of responsibility, etc. by James Mackinnon
260 ## - PUBLICATION, DISTRIBUTION, ETC.
Place of publication, distribution, etc. London
Name of publisher, distributor, etc. Longmans
Date of publication, distribution, etc. 1900
300 ## - PHYSICAL DESCRIPTION
Extent 625p.
650 ## - SUBJECT ADDED ENTRY--TOPICAL TERM
Topical term or geographic name entry element Edward III, King of England, 1312-77
650 ## - SUBJECT ADDED ENTRY--TOPICAL TERM
Topical term or geographic name entry element UK - History

No items available.

Powered by Koha